Tres acuerdos económicos: UPEB-SELA-GEPLACEA

Збережено в:
Бібліографічні деталі
Співавтори: Costa Rica. Ministerio de Economía, Industria y Comercio, ed
Формат: Текст
Опубліковано: San José: MEIC. DGEC. Sección de Publicaciones
Теги: Додати тег
Немає тегів, Будьте першим, хто поставить тег для цього запису!

MARC

LEADER 00000 a a2200000 04500
001 14776
003
040
090 |a 022100  
110 |a Costa Rica. Ministerio de Economía, Industria y Comercio  
245 |a Tres acuerdos económicos: UPEB-SELA-GEPLACEA   |a Costa Rica. Ministerio de Economía, Industria y Comercio  
260 |a San José:   |b MEIC. DGEC. Sección de Publicaciones  
300 |a 28 p  
710 |a ed  
999 |c 1140  |d 1140